Niektoré problémy riešenia regionálnych disparít v slovenskej ekonomike

Vplyv priemyselných parkov na hospodárstvo regiónov, ako aj schopnosť viazať zahraničný kapitál. Priemyselné parky, v ktorých sa v uplynulých rokoch čoraz častejšie začali sústreďovať priame zahraničné investície predstavujú popri čerpaní prostriedkov z európskych fondov výrazný impulz pre slovenský...

Descrizione completa

Salvato in:
Dettagli Bibliografici
Autore principale: Vagaská, Jaroslava
Natura: Capitolo di libro
Lingua:slovacco
Soggetti:
Tags: Aggiungi Tag
Nessun Tag, puoi essere il primo ad aggiungerne!!

MARC

LEADER 00000nla$a2200000$$$4500
001 0060215
005 20240502083142.6
041 0 |a slo 
044 |a CZ 
245 1 0 |a Niektoré problémy riešenia regionálnych disparít v slovenskej ekonomike  |c Jaroslava Vagaská 
520 |a Vplyv priemyselných parkov na hospodárstvo regiónov, ako aj schopnosť viazať zahraničný kapitál. Priemyselné parky, v ktorých sa v uplynulých rokoch čoraz častejšie začali sústreďovať priame zahraničné investície predstavujú popri čerpaní prostriedkov z európskych fondov výrazný impulz pre slovenský priemysel a regionálnu ekonomiku. Priemyselné parky môžu výrazne prispieť k zmierneniu disparít medzi regiónmi. 
610 2 0 |a regióny 
610 2 0 |a rozvoj regionálny 
610 2 0 |a politika regionálna 
610 2 0 |a investície zo zahraničia 
610 2 0 |a parky priemyselné 
610 2 0 |a nezamestnanosť 
610 2 0 |a Slovensko 
100 1 |a Vagaská, Jaroslava